Guess the 1960s song lyrics #94 - Statistics

General Stats
  • This quiz has been taken 14 times
  • The average score is 101 of 139
Answer Stats
Answer % Correct
I
100%
it
100%
you
100%
And
92%
my
92%
the
92%
then
92%
go
85%
me
85%
love
77%
to
77%
when
77%
away
69%
Do
69%
do
69%
If
69%
if
69%
off
69%
Say
69%
say
69%
by
62%
get
62%
I'll
62%
I'm
62%
loved
62%
Make
62%
make
62%
remember
62%
things
62%
Before
54%
day
54%
used
54%
world
54%
Just
46%
shoulders
46%
up
46%
Eddy Arnold
38%
like
38%
took
38%
hurt
31%
sorry
31%
astray
15%
forgive
15%
No matching quizzes found
Score Distribution
Percent of People with Each Score
Percentile by Number Answered
Your Score History
You have not taken this quiz